000 00559nam a2200169 i 4500
001 112297
003 ES-MaACL
005 20230906185511.0
007 t|
008 061121s1965 sp r ||||1| spa d
100 1 _aOrtega Galindo, Julio.
_987457
245 1 4 _aLos caballeros corregidores del señorío de Vizcaya
_b: (siglos XVII y XVIII) /
_cJulio Ortega Galindo.
260 _aBilbao :
_bArturo Ellacuria,
_c1965.
300 _a403 p., 8 lám. ;
_c26 cm.
651 4 _aVizcaya-
_xHistoria-
_yS.XVI-XVIII.
_9142595
852 _aES-MaACL
_jC-28061
_bR.57279
999 _c112297
_d112297